Statistics for Dwayne Johnson Movies

Click here to take the quiz!

General Stats

  • This quiz has been taken 611 times
    (294 since last reset)
  • The average score is 14 of 46

Answer Stats

HintAnswer% Correct
2016Central Intelligence
56%
2015Furious 7
56%
2018Rampage
56%
2022Black Adam
55%
2010Tooth Fairy
55%
2019Jumanji: The Next Level
53%
2017Jumanji: Welcome to the Jungle
52%
2016Moana
52%
2015San Andreas
50%
2013Fast & Furious 6
49%
2019Hobbs & Shaw
49%
2018Skyscraper
49%
2021Red Notice
47%
2017Baywatch
45%
2021Jungle Cruise
44%
2002The Scorpion King
44%
2011Fast Five
43%
2007The Game Plan
38%
2012Journey 2: The Mysterious Island
36%
2003The Rundown/Welcome To The Jungle
33%
2001The Mummy Returns
32%
2017The Fate of the Furious
31%
2014Hercules
30%
2004Walking Tall
30%
2013Pain And Gain
29%
2010Faster
25%
2010The Other Guys
24%
2005Doom
23%
2019Fighting with My Family
20%
2006Gridiron Gang
20%
2013Snitch
20%
2005Be Cool
19%
2008Get Smart
19%
2021Free Guy
16%
2013G.I. Joe: Retaliation
16%
2009Race to Witch Mountain
16%
2022DC League of Super-Pets
15%
2009Planet 51
12%
2007Southland Tales
10%
2013Empire State
9%
1999Beyond the Mat
4%
2010You Again
4%
2000Longshot
3%
2007Reno 911!: Miami
3%
2010Why Did I Get Married Too?
3%
2015Jem and the Holograms
2%

Score Distribution

Percentile by Number Answered

Percent of People with Each Score

Your Score History

You have not taken this quiz since the last reset